000 00641nam a22002057a 4500
003 0
005 20251107083003.0
008 251107b xxu||||| |||| 00| 0 eng d
020 _a0-345-45693-9
050 _aPS 3552.R61455
_b.B76 2003
100 _aBrockmann, Suzanne,
_eauthor.
245 _aGone too far /
_cSuzanne Brockmann.
260 _aNew York, NY :
_bThe Random House Publishing Group,
_c2003.
300 _avi, 536 pages ;
_c18 cm.
650 _aRomantic suspense fiction.
650 _aUnited States. Navy. SEALs
_xFiction.
650 _aRescue work
_xFiction.
650 _aTerrorism
_xPrevention
_vFiction.
942 _2lcc
_cBK
999 _c368479
_d368479